[Event "BL 1011 Solinger SG - SV Griesheim"]
[Site "?"]
[Date "2011.02.05"]
[Round "8.4"]
[White "L'Ami, Erwin"]
[Black "Murdzia, Piotr"]
[Result "1/2-1/2"]
[WhiteElo "2624"]
[BlackElo "2477"]
[PlyCount "89"]
[EventDate "2011.??.??"]

1. d4 Nf6 2. c4 c6 3. Nf3 d5 4. e3 Bg4 5. Qb3 Qb6 6. Nc3 e6 7. Nh4 Be7 8. h3
Bh5 9. g4 Bg6 10. Nxg6 hxg6 11. Bg2 dxc4 12. Qxc4 Nbd7 13. O-O O-O 14. e4 e5
15. Be3 Qa5 16. f4 Nb6 17. Qe2 exd4 18. Bxd4 Rad8 19. Bf2 Bb4 20. Be1 Qc5+ 21.
Kh2 Qc4 22. Rf2 Rfe8 23. Qxc4 Nxc4 24. e5 Bxc3 25. Bxc3 Nd5 26. Bxd5 Rxd5 27.
Re1 Rd3 28. f5 gxf5 29. gxf5 Re3 30. Rxe3 Nxe3 31. Kg3 Nd1 32. Re2 Nxc3 33.
bxc3 Rd8 34. e6 Rd3+ 35. Kg4 fxe6 36. fxe6 Kf8 37. Rf2+ Ke7 38. Rf7+ Kxe6 39.
Rxg7 Rxc3 40. Rxb7 Ra3 41. Rb2 Kf6 42. h4 Kg6 43. Rc2 Ra4+ 44. Kg3 c5 45. Rxc5
1/2-1/2

[Event "BL 1011 Solinger SG - SV Griesheim"]
[Site "?"]
[Date "2011.02.05"]
[Round "8.5"]
[White "Grabarczyk, Bogdan"]
[Black "Werle, Jan"]
[Result "1-0"]
[WhiteElo "2448"]
[BlackElo "2574"]
[PlyCount "105"]
[EventDate "2011.??.??"]

1. e4 e6 2. d4 d5 3. e5 c5 4. c3 Nc6 5. Nf3 Qb6 6. a3 Nh6 7. b4 cxd4 8. cxd4
Nf5 9. Bb2 Bd7 10. g4 Nfe7 11. Nc3 Na5 12. Na4 Bxa4 13. Qxa4+ Nac6 14. b5 Nb8
15. Bc3 Qd8 16. Ba5 b6 17. Bd2 h5 18. g5 Nf5 19. Bd3 Be7 20. O-O Nd7 21. Rfc1
O-O 22. Rc6 Nb8 23. Rc3 Nd7 24. Rac1 Re8 25. Kh1 Nf8 26. Rc6 Kh8 27. Qb3 Rb8
28. Rc7 Ra8 29. a4 Ng6 30. Bxf5 exf5 31. Qd3 Nf8 32. Qxf5 Kg8 33. g6 fxg6 34.
Qh3 Bc5 35. Rc6 Be7 36. Qg3 a6 37. Rg1 Qd7 38. Rxg6 Nxg6 39. Qxg6 Bd8 40. Bh6
Qf7 41. Qd3 Ra7 42. Rxg7+ Qxg7 43. Bxg7 Rxg7 44. bxa6 Rf8 45. Qb3 Kh8 46. Qxd5
Rfg8 47. Qe6 h4 48. h3 Rf8 49. Qc6 Rc7 50. Qh6+ Kg8 51. Qg6+ Kh8 52. d5 Rc3 53.
a7 1-0

[Event "BL 1011 Solinger SG - SV Griesheim"]
[Site "?"]
[Date "2011.02.05"]
[Round "8.7"]
[White "Geske, Julian"]
[Black "Ernst, Sipke"]
[Result "0-1"]
[WhiteElo "2364"]
[BlackElo "2587"]
[PlyCount "54"]
[EventDate "2011.??.??"]

1. e4 e5 2. Nf3 Nc6 3. Bb5 a6 4. Ba4 Nge7 5. c3 g6 6. d4 exd4 7. cxd4 b5 8. Bb3
Bg7 9. O-O O-O 10. Nc3 Na5 11. Bc2 d6 12. h3 c5 13. b3 Bb7 14. Be3 f5 15. Rc1
Nac6 16. exf5 Nxf5 17. Bg5 Qa5 18. Bxf5 Rxf5 19. Be3 Raf8 20. Ne2 Qc7 21. dxc5
dxc5 22. Bxc5 Rxf3 23. gxf3 Ne5 24. Nd4 Rxf3 25. Qe2 Qd7 26. Rfd1 Qxh3 27. Qf1
Qh1+ 0-1

[Event "BL 1011 Solinger SG - SV Griesheim"]
[Site "?"]
[Date "2011.02.05"]
[Round "8.8"]
[White "Naumann, Alexander"]
[Black "Koehler, Ronald"]
[Result "1-0"]
[WhiteElo "2544"]
[BlackElo "2289"]
[PlyCount "87"]
[EventDate "2011.??.??"]

1. c4 Nf6 2. Nf3 c5 3. g3 d5 4. cxd5 Nxd5 5. Bg2 Nc6 6. Nc3 Nc7 7. O-O e5 8. a3
f6 9. d3 Be6 10. Be3 Qd7 11. Rc1 Rc8 12. Ne4 b6 13. b4 Nd5 14. bxc5 Nxe3 15.
fxe3 f5 16. Nd6+ Bxd6 17. cxd6 Qxd6 18. Ng5 O-O 19. Nxe6 Qxe6 20. Qa4 Na5 21.
Qb5 Kh8 22. Qd5 Qxd5 23. Bxd5 g6 24. g4 fxg4 25. Rxf8+ Rxf8 26. Rc7 a6 27. Kg2
Rd8 28. e4 h5 29. Kg3 g5 30. Re7 Rd6 31. Rxe5 Kg7 32. Rxg5+ Kh6 33. Kh4 Nc6 34.
Rxh5+ Kg6 35. Kxg4 Nd4 36. Rg5+ Kh6 37. Rg8 b5 38. Rc8 Nxe2 39. Kf3 Nd4+ 40.
Ke3 Nf5+ 41. exf5 Rxd5 42. Rc6+ Kg5 43. Ke4 Rxf5 44. h4+ 1-0

[Event "BL 1011 SV Mülheim Nord - Hamburger SK"]
[Site "?"]
[Date "2011.02.05"]
[Round "8.2"]
[White "Potkin, Vladimir"]
[Black "Baramidze, David"]
[Result "1/2-1/2"]
[WhiteElo "2630"]
[BlackElo "2542"]
[PlyCount "135"]
[EventDate "2011.??.??"]

1. d4 d5 2. c4 c6 3. Nc3 Nf6 4. e3 g6 5. Nf3 Bg7 6. h3 O-O 7. Bd3 a6 8. O-O
dxc4 9. Bxc4 b5 10. Be2 c5 11. dxc5 Nfd7 12. Qc2 Bb7 13. Rd1 Qc8 14. b4 a5 15.
Bb2 axb4 16. Nd5 Bxd5 17. Bxg7 Kxg7 18. Rxd5 e6 19. Rd4 Qxc5 20. Qxc5 Nxc5 21.
Rxb4 Nbd7 22. Bxb5 Rfb8 23. a4 Nb6 24. Bc6 Nbxa4 25. Rc4 Ra5 26. Raxa4 Nxa4 27.
Bxa4 Rba8 28. Bc2 Ra1+ 29. Kh2 Rc1 30. Kg3 Ra2 31. Bb3 Rxc4 32. Bxc4 Rc2 33.
Ba6 Rc6 34. Be2 Rc2 35. Nd4 Rc3 36. Kf3 e5 37. Nb5 Rc2 38. e4 Rb2 39. g4 Rb3+
40. Kg2 Rb4 41. Kf3 Rb3+ 42. Kg2 Rb4 43. Nd6 g5 44. Bc4 Kf8 45. Bd5 f6 46. Nf5
Rb2 47. Kg3 Rc2 48. f3 Rc3 49. h4 gxh4+ 50. Kxh4 Rc1 51. Ng3 Kg7 52. g5 fxg5+
53. Kxg5 Rg1 54. Kh4 Kf6 55. Bc6 Rg2 56. Bd7 Rh2+ 57. Kg4 Rg2 58. Bf5 h6 59.
Bd7 Kg6 60. Be8+ Kf6 61. Bh5 Rf2 62. Be8 Rg2 63. Bd7 Rg1 64. Bc6 Rg2 65. Bb5
h5+ 66. Kh3 Rf2 67. Be8 Rxf3 68. Bxh5 1/2-1/2

[Event "BL 1011 SV Mülheim Nord - Hamburger SK"]
[Site "?"]
[Date "2011.02.05"]
[Round "8.3"]
[White "Ftacnik, Lubomir Dr"]
[Black "Tregubov, Pavel V"]
[Result "1/2-1/2"]
[WhiteElo "2568"]
[BlackElo "2598"]
[PlyCount "40"]
[EventDate "2011.??.??"]

1. d4 Nf6 2. Nf3 c5 3. d5 b5 4. Bg5 Qb6 5. a4 b4 6. a5 Qc7 7. Bxf6 exf6 8. e4
Be7 9. Nbd2 O-O 10. Bd3 d6 11. O-O Nd7 12. c3 Rb8 13. Qe2 Ne5 14. Nxe5 fxe5 15.
Nc4 Bg5 16. g3 Bh3 17. Rfd1 Bd7 18. Rf1 Bh3 19. Rfd1 Bd7 20. Rf1 Bh3 1/2-1/2

[Event "BL 1011 SV Mülheim Nord - Hamburger SK"]
[Site "?"]
[Date "2011.02.05"]
[Round "8.4"]
[White "Landa, Konstantin"]
[Black "Huschenbeth, Niclas"]
[Result "1/2-1/2"]
[WhiteElo "2611"]
[BlackElo "2461"]
[PlyCount "93"]
[EventDate "2011.??.??"]

1. Nf3 d5 2. d4 Nf6 3. c4 dxc4 4. Qa4+ Nc6 5. Nc3 Nd5 6. Qxc4 Ndb4 7. Qb3 Be6
8. Qa4 Bd7 9. Qb3 Be6 10. Qa4 Bd7 11. Qb3 e5 12. dxe5 Be6 13. Qa4 Bd7 14. Qb3
Bf5 15. e4 Be6 16. Qa4 Nd3+ 17. Bxd3 Qxd3 18. a3 a6 19. Bg5 b5 20. Qd1 Qc4 21.
Rc1 Be7 22. Bxe7 Nxe7 23. Qe2 Rd8 24. O-O Qxe2 25. Nxe2 Bc4 26. Rfe1 Ng6 27. g3
Rd3 28. Rc3 Ke7 29. Rxd3 Bxd3 30. Ned4 Re8 31. Re3 Bc4 32. b3 Be6 33. Rc3 Kd7
34. Kg2 Bg4 35. Rc5 Kc8 36. h3 Bxf3+ 37. Nxf3 Nf8 38. Ng5 Nd7 39. Rc3 Nxe5 40.
f4 f6 41. Nf3 Nf7 42. e5 fxe5 43. fxe5 Kd7 44. Rd3+ Kc6 45. Rc3+ Kd7 46. Rd3+
Kc6 47. Rc3+ 1/2-1/2

[Event "BL 1011 SV Mülheim Nord - Hamburger SK"]
[Site "?"]
[Date "2011.02.05"]
[Round "8.6"]
[White "Feygin, Michael"]
[Black "Heinemann, Thies"]
[Result "1-0"]
[WhiteElo "2526"]
[BlackElo "2488"]
[PlyCount "85"]
[EventDate "2011.??.??"]

1. e4 c5 2. Nf3 d6 3. d4 cxd4 4. Nxd4 Nf6 5. Nc3 a6 6. Bc4 e6 7. O-O b5 8. Bb3
Be7 9. f4 Bb7 10. f5 e5 11. Nde2 Nbd7 12. Be3 Rc8 13. Qd3 O-O 14. a4 b4 15. Nd5
Nxd5 16. Bxd5 Bxd5 17. exd5 Bg5 18. Bf2 e4 19. Qxe4 Re8 20. Qd3 Ne5 21. Qd1 Ng4
22. Kh1 Be3 23. Bg3 Qf6 24. h3 Ne5 25. b3 Nd7 26. a5 Nc5 27. Rf3 Bg5 28. Nd4
Ne4 29. Be1 Nc3 30. Bxc3 bxc3 31. Qd3 Bd2 32. Nc6 Ra8 33. b4 Qh4 34. Raf1 Re4
35. f6 gxf6 36. Rxf6 Rf8 37. Kh2 Bf4+ 38. R6xf4 Rxf4 39. g3 Rxf1 40. gxh4 Rf2+
41. Kg1 Rf6 42. Ne7+ Kg7 43. Qg3+ 1-0

[Event "BL 1011 SV Mülheim Nord - Hamburger SK"]
[Site "?"]
[Date "2011.02.05"]
[Round "8.7"]
[White "Berger, Steve"]
[Black "Levin, Felix"]
[Result "1/2-1/2"]
[WhiteElo "2423"]
[BlackElo "2482"]
[PlyCount "60"]
[EventDate "2011.??.??"]

1. e4 e5 2. Nf3 Nc6 3. Bc4 Bc5 4. O-O Nf6 5. d4 Bxd4 6. Nxd4 Nxd4 7. f4 d6 8.
fxe5 dxe5 9. Bg5 Be6 10. Na3 Qe7 11. c3 Bxc4 12. Bxf6 gxf6 13. Nxc4 Ne6 14. b4
Nf4 15. g3 Nh3+ 16. Kg2 Qe6 17. Ne3 Ng5 18. Qg4 O-O-O 19. Rxf6 Rd2+ 20. Kh1
Qxg4 21. Nxg4 Nxe4 22. Rxf7 Nxc3 23. Rc1 Nd5 24. Nxe5 Rxa2 25. Rd7 Rd2 26.
Rcxc7+ Nxc7 27. Rxd2 Rd8 28. Rxd8+ Kxd8 29. Kg2 Nd5 30. Nd3 b6 1/2-1/2

[Event "BL 1011 SF Katernberg - Schachfr. Berli"]
[Site "?"]
[Date "2011.02.05"]
[Round "8.2"]
[White "Chuchelov, Vladimir"]
[Black "Kraemer, Martin"]
[Result "1/2-1/2"]
[WhiteElo "2565"]
[BlackElo "2516"]
[PlyCount "223"]
[EventDate "2011.??.??"]

1. c4 e6 2. Nc3 Nf6 3. Nf3 d5 4. d4 Be7 5. Bg5 h6 6. Bh4 O-O 7. e3 b6 8. Be2
Bb7 9. Bxf6 Bxf6 10. cxd5 exd5 11. b4 c6 12. O-O Re8 13. Qb3 a5 14. bxa5 Rxa5
15. Rab1 Nd7 16. Rfe1 Qa8 17. a4 Ba6 18. Bxa6 Rxa6 19. Re2 Rd8 20. Reb2 Ra5 21.
h3 g6 22. Qc2 Kg7 23. Rb3 Rc8 24. Qd3 Qb8 25. Rd1 Qd6 26. Qc2 Qe6 27. Rc1 Raa8
28. Rbb1 Ra5 29. Ne2 Qd6 30. g3 c5 31. Qb3 Rc6 32. Nf4 cxd4 33. exd4 Qc7 34.
Qd1 Rc4 35. Nd2 Rc3 36. Nb3 Rxa4 37. Nxd5 Rxc1 38. Rxc1 Qd6 39. Nc3 Rc4 40. Ne4
Rxc1 41. Qxc1 Qe6 42. Nxf6 Nxf6 43. Qe3 Qxh3 44. d5 Qd7 45. Qxb6 Qxd5 46. Qe3
Ne4 47. Qd4+ Qxd4 48. Nxd4 Kf6 49. Kg2 Ke5 50. Nc6+ Kd5 51. Nb4+ Kc4 52. Nc6
Nd6 53. g4 Kd5 54. Ne7+ Ke5 55. Ng8 h5 56. gxh5 gxh5 57. Ne7 Ke4 58. Ng8 Kf4
59. Nf6 Kg5 60. Nd5 Nf5 61. Kh3 Ng7 62. Kg3 h4+ 63. Kg2 Nh5 64. Kf3 Ng7 65. Nc3
f5 66. Nd5 Ne6 67. Ne3 Nd4+ 68. Kg2 f4 69. Nd5 f3+ 70. Kh2 Nc6 71. Kh3 Ne5 72.
Nc3 Ng6 73. Nd5 Ne5 74. Nc3 Kh5 75. Nd5 Ng6 76. Nf6+ Kg5 77. Nd5 Kf5 78. Ne3+
Kf4 79. Nd5+ Kg5 80. Kh2 Ne5 81. Ne3 Nd3 82. Kg1 Nf4 83. Kh2 Nd3 84. Kg1 Kf4
85. Nd5+ Kf5 86. Ne3+ Kg5 87. Nd5 h3 88. Nc3 Kf4 89. Nd1 Kg5 90. Nc3 Kh4 91.
Nd1 Nc5 92. Nc3 Kg4 93. Kh2 Kh4 94. Kg1 Kg5 95. Kh2 Kg4 96. Kg1 Kh4 97. Kh2 Nd3
98. Nd1 Nc5 99. Nc3 Nd7 100. Nd5 Ne5 101. Ne3 Nd3 102. Nd1 Ne1 103. Ne3 Ng2
104. Nd5 Kg4 105. Nc3 Ne3 106. Ne4 Nd1 107. Nf6+ Kh4 108. Ne4 Kg4 109. Nf6+ Kf5
110. Kxh3 Kxf6 111. Kg3 Nxf2 112. Kxf3 1/2-1/2

[Event "BL 1011 SF Katernberg - Schachfr. Berli"]
[Site "?"]
[Date "2011.02.05"]
[Round "8.3"]
[White "Miezis, Normunds"]
[Black "Bischoff, Klaus"]
[Result "1/2-1/2"]
[WhiteElo "2519"]
[BlackElo "2553"]
[PlyCount "87"]
[EventDate "2011.??.??"]

1. c4 e5 2. Nc3 Nf6 3. g3 Bb4 4. Bg2 O-O 5. e4 Bxc3 6. dxc3 d6 7. Qe2 a6 8. Nf3
Nbd7 9. Nd2 b5 10. b3 bxc4 11. Nxc4 a5 12. Ne3 Nc5 13. f3 Ba6 14. c4 Ne6 15.
O-O Nd4 16. Qd3 c5 17. Bb2 Nd7 18. f4 Nb8 19. Nf5 Nbc6 20. Rf2 Bc8 21. Raf1 a4
22. Qd1 axb3 23. axb3 f6 24. g4 Re8 25. fxe5 fxe5 26. g5 Qxg5 27. Nxd6 Bg4 28.
Nxe8 Rxe8 29. Qd3 h6 30. h3 Be6 31. Bc1 Qh4 32. Kh2 Rb8 33. Rb2 Na5 34. Qc3
Naxb3 35. Be3 Rb4 36. Bxd4 Nxd4 37. Rxb4 cxb4 38. Qxb4 Qg5 39. Rf8+ Kh7 40. Qb8
Ne2 41. Rf3 Nd4 42. Rf8 Ne2 43. Rf3 Nd4 44. Rf8 1/2-1/2

[Event "BL 1011 SF Katernberg - Schachfr. Berli"]
[Site "?"]
[Date "2011.02.05"]
[Round "8.4"]
[White "Firman, Nazar"]
[Black "Lauber, Arnd"]
[Result "0-1"]
[WhiteElo "2551"]
[BlackElo "2497"]
[PlyCount "64"]
[EventDate "2011.??.??"]

1. e4 c6 2. d4 d5 3. e5 Bf5 4. h4 h5 5. c4 e6 6. Nc3 Nd7 7. Bg5 Qb6 8. Qd2 Ne7
9. Nge2 f6 10. exf6 gxf6 11. Be3 O-O-O 12. Ng3 Bg6 13. Rc1 Kb8 14. b3 Ka8 15.
Na4 Qc7 16. Be2 Nf5 17. Nxf5 Bxf5 18. cxd5 exd5 19. b4 Nb6 20. Nc5 Bd6 21. Rc3
Rde8 22. a4 Nc4 23. Bxc4 dxc4 24. Rxc4 Rhg8 25. d5 Rxg2 26. Nb3 Bf4 27. d6 Bxd6
28. Nd4 Be6 29. Nb5 Qg7 30. Qxd6 cxb5 31. Qxe6 Qf8 32. Qd5 bxc4 0-1

[Event "BL 1011 SF Katernberg - Schachfr. Berli"]
[Site "?"]
[Date "2011.02.05"]
[Round "8.5"]
[White "Polzin, Rainer"]
[Black "Zaragatski, Ilja"]
[Result "1/2-1/2"]
[WhiteElo "2494"]
[BlackElo "2490"]
[PlyCount "172"]
[EventDate "2011.??.??"]

1. e4 e6 2. d4 d5 3. Nc3 Nc6 4. Nf3 Nf6 5. Bd3 Nb4 6. Bg5 dxe4 7. Nxe4 Nxd3+ 8.
Qxd3 Be7 9. Nxf6+ Bxf6 10. Bxf6 Qxf6 11. O-O O-O 12. Ne5 Rd8 13. Rad1 Qe7 14.
Rfe1 f6 15. Nf3 b6 16. Qe4 Rb8 17. c4 c5 18. d5 e5 19. Nd2 Qd6 20. Qf3 Qd7 21.
h3 Qf5 22. Qe3 Rb7 23. Ne4 Re7 24. Nc3 Red7 25. Rd2 h6 26. a3 Ba6 27. b3 Qg5
28. g3 Qxe3 29. Rxe3 Kf7 30. a4 g5 31. Ra2 Rb8 32. Rf3 Kg6 33. a5 Bc8 34. axb6
axb6 35. Re3 Rd8 36. Kh2 Bd7 37. Ra6 Bc8 38. Ra7 Rd7 39. Ra1 Bb7 40. f4 exf4
41. gxf4 b5 42. Re6 bxc4 43. bxc4 Bc8 44. f5+ Kg7 45. Nb5 Rdb7 46. Rae1 Bxe6
47. fxe6 Kf8 48. d6 Ra8 49. Rf1 Kg7 50. Rf5 Ra2+ 51. Kg3 Rd2 52. e7 Rb8 53.
Rxc5 Kf7 54. Rc6 f5 55. Rc5 Rxb5 56. cxb5 Rd3+ 57. Kf2 Rxd6 58. Re5 Ke8 59. Ke2
Rb6 60. Rxf5 Kxe7 61. Kd3 Ke6 62. Rc5 Rb8 63. Kc4 Kd7 64. Kb4 Rc8 65. Re5 Kc7
66. Re7+ Kb8 67. Rg7 Rf8 68. Kc5 Rf5+ 69. Kb6 Rf6+ 70. Ka5 Rf3 71. Ka6 Rxh3 72.
Rg8+ Kc7 73. b6+ Kd6 74. Rg6+ Ke5 75. b7 Ra3+ 76. Kb6 Rb3+ 77. Kc7 Rxb7+ 78.
Kxb7 Kf4 79. Kc6 g4 80. Kd5 g3 81. Kd4 Kf3 82. Kd3 g2 83. Rxh6 g1=Q 84. Rf6+
Kg2 85. Rg6+ Kf1 86. Rxg1+ Kxg1 1/2-1/2

[Event "BL 1011 SF Katernberg - Schachfr. Berli"]
[Site "?"]
[Date "2011.02.05"]
[Round "8.7"]
[White "Thiede, Lars"]
[Black "Siebrecht, Sebastian"]
[Result "0-1"]
[WhiteElo "2445"]
[BlackElo "2421"]
[PlyCount "96"]
[EventDate "2011.??.??"]

1. c4 e5 2. g3 Nc6 3. Bg2 Bc5 4. Nc3 a6 5. Nf3 d6 6. O-O Nge7 7. a3 Be6 8. d3
Qd7 9. e3 Ba7 10. b4 Bh3 11. Bb2 h5 12. Ne4 Bxg2 13. Kxg2 Nf5 14. d4 exd4 15.
exd4 h4 16. Qd3 hxg3 17. hxg3 O-O-O 18. Rh1 d5 19. Nc5 dxc4 20. Qxc4 Nd6 21.
Qd3 Qf5 22. Qxf5+ Nxf5 23. Rxh8 Rxh8 24. d5 Nce7 25. Rd1 Rd8 26. g4 Nxd5 27.
Rxd5 Rxd5 28. gxf5 Bxc5 29. bxc5 f6 30. Nd4 Rxc5 31. Kf3 Kd7 32. Ke4 Re5+ 33.
Kd3 c5 34. Nf3 Rxf5 35. Ke4 Ke6 36. Bc1 g5 37. Ke3 b5 38. Bb2 Rd5 39. Nd2 f5
40. Nf3 f4+ 41. Ke2 g4 42. Ne1 Kf5 43. f3 g3 44. Ng2 b4 45. Bc1 Rd4 46. Bb2 Rd7
47. Bc1 Re7+ 48. Kf1 Rh7 0-1

[Event "BL 1011 SF Katernberg - Schachfr. Berli"]
[Site "?"]
[Date "2011.02.05"]
[Round "8.8"]
[White "Scholz, Christian"]
[Black "Poldauf, Dirk"]
[Result "1-0"]
[WhiteElo "2387"]
[BlackElo "2390"]
[PlyCount "53"]
[EventDate "2011.??.??"]

1. d4 Nf6 2. c4 g6 3. Nc3 Bg7 4. e4 d6 5. Nf3 O-O 6. Be2 e5 7. d5 Nbd7 8. Bg5
h6 9. Bh4 g5 10. Bg3 Nh5 11. h4 Nf4 12. hxg5 hxg5 13. Qc2 Nxg2+ 14. Kd2 f5 15.
Rag1 g4 16. Rxg2 gxf3 17. Bxf3 Nf6 18. Bh4 Qd7 19. exf5 Qxf5 20. Qxf5 Bxf5 21.
Rhg1 Ne8 22. Bh5 Kh8 23. Be7 Rg8 24. Ke2 Nf6 25. Bf7 Nh7 26. Bxg8 Rxg8 27. Nb5
1-0

[Event "BL 1011 Bayern München - OSG Baden Bade"]
[Site "?"]
[Date "2011.02.06"]
[Round "9.1"]
[White "Movsesian, Sergej"]
[Black "Bromberger, Stefan"]
[Result "1-0"]
[WhiteElo "2723"]
[BlackElo "2530"]
[PlyCount "91"]
[EventDate "2011.??.??"]

1. e4 c6 2. d4 d5 3. e5 Bf5 4. Nf3 e6 5. Be2 c5 6. a3 Nd7 7. dxc5 Bxc5 8. b4
Bb6 9. Nbd2 Ne7 10. Bb2 Ng6 11. O-O Bc7 12. Bb5 O-O 13. Re1 a6 14. Ba4 b5 15.
Bb3 Bg4 16. h3 Bxf3 17. Nxf3 Nh4 18. Nh2 Ng6 19. Nf3 Nh4 20. Nd2 Ng6 21. Qh5 f6
22. exf6 Nxf6 23. Qe2 Nf4 24. Qe3 Qe8 25. Be5 Bxe5 26. Qxe5 N6h5 27. Nf3 Rf6
28. Re3 Qf7 29. Nh4 Rf8 30. Rae1 h6 31. Rc3 g5 32. Rc7 Qe8 33. Nf3 Nxg2 34.
Kxg2 Nf4+ 35. Kh1 Qh5 36. Nh2 Nxh3 37. f3 Nf4 38. Rg1 Ng6 39. Qd4 Nh4 40. Qg4
Qg6 41. Rc6 Kh8 42. Re1 h5 43. Qh3 Nf5 44. Ng4 Nd4 45. Nxf6 Rxf6 46. Bxd5 1-0

[Event "BL 1011 Bayern München - OSG Baden Bade"]
[Site "?"]
[Date "2011.02.06"]
[Round "9.2"]
[White "Reiss, Tibor"]
[Black "Bacrot, Etienne"]
[Result "0-1"]
[WhiteElo "2403"]
[BlackElo "2716"]
[PlyCount "48"]
[EventDate "2011.??.??"]

1. c4 e5 2. g3 Nc6 3. Bg2 g6 4. Nc3 Bg7 5. d3 f5 6. e4 Nf6 7. Nge2 O-O 8. O-O
d6 9. exf5 Bxf5 10. h3 Qd7 11. g4 Be6 12. b3 h5 13. g5 Nh7 14. Kh2 Ne7 15. d4
exd4 16. Nxd4 Rae8 17. Qd3 Bf5 18. Nxf5 Qxf5 19. Qxf5 Nxf5 20. Bd2 Nxg5 21.
Bxb7 Be5+ 22. Kh1 Nxh3 23. Rac1 Bd4 24. Ne4 Rxe4 0-1

[Event "BL 1011 Bayern München - OSG Baden Bade"]
[Site "?"]
[Date "2011.02.06"]
[Round "9.3"]
[White "Nielsen, Peter-Heine"]
[Black "Renner, Christoph"]
[Result "1-0"]
[WhiteElo "2670"]
[BlackElo "2420"]
[PlyCount "61"]
[EventDate "2011.??.??"]

1. d4 f5 2. g3 Nf6 3. Bg2 g6 4. Nf3 Bg7 5. O-O O-O 6. c4 d6 7. Nc3 c6 8. Rb1
Ne4 9. Qc2 Nxc3 10. bxc3 c5 11. dxc5 dxc5 12. Ng5 Nc6 13. Bd5+ Kh8 14. Be3 Bf6
15. Qc1 Ne5 16. Bxc5 Qc7 17. Bd4 Nc6 18. Bxf6+ exf6 19. Nf3 Re8 20. Nd4 Ne5 21.
Rd1 Rb8 22. Qa3 a6 23. c5 Bd7 24. c4 Rec8 25. Ne6 Bxe6 26. Bxe6 Re8 27. Rd6 Re7
28. Rbd1 Rbe8 29. Bd5 Nd7 30. c6 bxc6 31. Bxc6 1-0

[Event "BL 1011 Bayern München - OSG Baden Bade"]
[Site "?"]
[Date "2011.02.06"]
[Round "9.5"]
[White "Naiditsch, Arkadij"]
[Black "Meister, Peter"]
[Result "1-0"]
[WhiteElo "2674"]
[BlackElo "2446"]
[PlyCount "37"]
[EventDate "2011.??.??"]

1. e4 g6 2. d4 Bg7 3. Nc3 d6 4. Be3 a6 5. Qd2 Nd7 6. O-O-O b5 7. h4 Ngf6 8. Bh6
Bxh6 9. Qxh6 b4 10. Nd5 Nxd5 11. Qg7 Rf8 12. exd5 Bb7 13. Nh3 Bxd5 14. Nf4 c6
15. Rh3 h5 16. a3 a5 17. Re1 e6 18. Bb5 Rc8 19. Bxc6 1-0

[Event "BL 1011 Bayern München - OSG Baden Bade"]
[Site "?"]
[Date "2011.02.06"]
[Round "9.6"]
[White "Meissner, Bernd"]
[Black "Dautov, Rustem"]
[Result "1/2-1/2"]
[WhiteElo "2401"]
[BlackElo "2602"]
[PlyCount "98"]
[EventDate "2011.??.??"]

1. d4 Nf6 2. Nf3 d5 3. c4 c6 4. e3 Bf5 5. Nc3 e6 6. Nh4 Bg4 7. Qb3 Qb6 8. h3
Bh5 9. g4 Bg6 10. Nxg6 hxg6 11. Bg2 Nbd7 12. Bd2 O-O-O 13. O-O-O Qc7 14. Kb1
Nb6 15. cxd5 exd5 16. Ne2 Nc4 17. Bb4 Bxb4 18. Qxb4 Rhe8 19. b3 Nd6 20. Nf4 Kb8
21. Rc1 Qb6 22. Qxb6 axb6 23. Nd3 Re7 24. Rc2 Rde8 25. Kb2 Nd7 26. Nf4 Nf8 27.
h4 Nd7 28. h5 g5 29. Nd3 Re6 30. Rh3 Ne4 31. Rf3 Nd6 32. Rc1 f6 33. Rh1 Nf7 34.
Rg3 R6e7 35. Nb4 Nf8 36. Bf1 Rd8 37. Bg2 Ne6 38. Rc1 Rd6 39. Bf3 Nh6 40. Rgg1
Nd8 41. Be2 Rde6 42. Bd3 Ndf7 43. Bg6 Nd6 44. Nd3 Rc7 45. Nb4 Ng8 46. Rcd1 Ne7
47. Bc2 Nf7 48. a3 Rd6 49. Rd2 Re6 1/2-1/2

[Event "BL 1011 Bayern München - OSG Baden Bade"]
[Site "?"]
[Date "2011.02.06"]
[Round "9.7"]
[White "Doettling, Fabian"]
[Black "Deglmann, Ludwig"]
[Result "1-0"]
[WhiteElo "2579"]
[BlackElo "2397"]
[PlyCount "53"]
[EventDate "2011.??.??"]

1. d4 d6 2. g3 g6 3. Bg2 Bg7 4. Nf3 f5 5. c4 Nf6 6. b4 O-O 7. Bb2 Qe8 8. Qb3
Kh8 9. O-O Nc6 10. d5 Nd8 11. Nc3 e5 12. dxe6 c6 13. Rad1 Qe7 14. b5 Nxe6 15.
bxc6 bxc6 16. Ba3 c5 17. Ne5 Nd4 18. Nc6 Nxc6 19. Bxc6 Be6 20. Bxa8 Rxa8 21.
Bc1 Ng4 22. Bf4 g5 23. Bxd6 Qf7 24. h3 Nh6 25. Nd5 Qh5 26. Nc7 Qxh3 27. Qb7 1-0

[Event "BL 1011 Bayern München - OSG Baden Bade"]
[Site "?"]
[Date "2011.02.06"]
[Round "9.8"]
[White "Graf, Felix"]
[Black "Schlosser, Philipp"]
[Result "0-1"]
[WhiteElo "2341"]
[BlackElo "2574"]
[PlyCount "124"]
[EventDate "2011.??.??"]

1. d4 Nf6 2. Nf3 e6 3. e3 b6 4. Bd3 Bb7 5. O-O Be7 6. c4 O-O 7. Nc3 d5 8. cxd5
exd5 9. b3 Ne4 10. Bb2 Nd7 11. Rc1 Ndf6 12. Ne2 Rc8 13. Ne5 c5 14. f3 Nd6 15.
Nf4 Rc7 16. Rf2 Qb8 17. g4 Rfc8 18. Qf1 cxd4 19. Rxc7 Rxc7 20. Bxd4 Qc8 21. Qh3
h6 22. Bb2 Rc1+ 23. Rf1 Rxf1+ 24. Qxf1 Nde8 25. Qe1 Qc7 26. Bb1 Bd6 27. Nfd3
Ba6 28. Kg2 Bb7 29. Kg1 Qe7 30. h4 Nc7 31. g5 hxg5 32. hxg5 Nh7 33. g6 fxg6 34.
Qg3 g5 35. Qh3 Nf8 36. Kf2 Nb5 37. a4 Na3 38. Bxa3 Bxa3 39. Qf5 Qf6 40. Qxf6
gxf6 41. Ng4 Kg7 42. Ne1 Bc8 43. Nc2 Bb2 44. Ke2 Ne6 45. Nb4 d4 46. Nd3 Ba3 47.
e4 a5 48. Bc2 Bd6 49. Kd1 Bb7 50. Ke2 Bg3 51. Nb2 Nc5 52. Bd1 Ba6+ 53. Kd2 Bf4+
54. Kc2 Kg6 55. Nf2 Kh5 56. Ng4 Kg6 57. Nf2 Bf1 58. Nfd3 Nxd3 59. Nxd3 Kh5 60.
Nb2 Kh4 61. Nc4 d3+ 62. Kc3 Be2 0-1

[Event "BL 1011 Nickelhütte Aue - SC Eppingen"]
[Site "?"]
[Date "2011.02.06"]
[Round "9.2"]
[White "Melamed, Tatiana"]
[Black "Postny, Evgeny"]
[Result "0-1"]
[WhiteElo "2353"]
[BlackElo "2595"]
[PlyCount "136"]
[EventDate "2011.??.??"]

1. e4 e5 2. Nf3 Nc6 3. Bb5 a6 4. Ba4 Nf6 5. O-O Be7 6. Re1 b5 7. Bb3 d6 8. c3
O-O 9. h3 Nb8 10. d4 Nbd7 11. Nbd2 Bb7 12. Bc2 c5 13. Nf1 Qc7 14. Ng3 g6 15.
Bh6 Rfc8 16. d5 c4 17. Qd2 Ne8 18. Nh2 Qd8 19. Rf1 Nef6 20. f4 exf4 21. Qxf4
Kh8 22. Bg5 Nxd5 23. Bxe7 Qb6+ 24. Qf2 Qxf2+ 25. Rxf2 Nxe7 26. Rxf7 Re8 27. Rd1
Ne5 28. Rf6 Nc8 29. Nf3 Kg7 30. Rf4 Bc6 31. Nd4 Ra7 32. Nf1 Ba8 33. Ne3 Nb6 34.
Nf3 Rf7 35. Rxf7+ Nxf7 36. Rd4 Nd7 37. a4 Nc5 38. axb5 axb5 39. Nd5 Bc6 40. Kf2
Bxd5 41. Rxd5 Ra8 42. e5 Ra2 43. e6 Rxb2 44. e7 Ne4+ 45. Kf1 Nf6 46. Nd4 Ne8
47. Rxb5 Rxb5 48. Nxb5 Kf6 49. Be4 Kxe7 50. Bd5 Ne5 51. Na3 Nf6 52. Bxc4 Nxc4
53. Nxc4 Nd5 54. Ke2 Nxc3+ 55. Kd3 Nd5 56. Ke4 Ke6 57. g4 g5 58. Nd2 Nf6+ 59.
Kd4 h6 60. Nf1 Nd5 61. Ke4 Ne7 62. Ne3 d5+ 63. Kd4 Kd6 64. Ng2 Nc6+ 65. Ke3 Ke5
66. h4 d4+ 67. Kf3 Kd5 68. hxg5 hxg5 0-1

[Event "BL 1011 Nickelhütte Aue - SC Eppingen"]
[Site "?"]
[Date "2011.02.06"]
[Round "9.3"]
[White "Gyimesi, Zoltan"]
[Black "Diebl, Lutz"]
[Result "1/2-1/2"]
[WhiteElo "2595"]
[BlackElo "2222"]
[PlyCount "71"]
[EventDate "2011.??.??"]

1. d4 Nc6 2. d5 Ne5 3. e4 e6 4. f4 exd5 5. fxe5 Qh4+ 6. g3 Qxe4+ 7. Qe2 Qxh1 8.
Nf3 b6 9. Nc3 Ba6 10. Qxa6 Qxf3 11. Qb7 Rd8 12. Nxd5 c6 13. Nc7+ Ke7 14. Bd2 f6
15. Bb4+ Kf7 16. e6+ Kg6 17. Bxf8 Rxf8 18. exd7 Ne7 19. Bd3+ Kh6 20. Rd1 Rd8
21. Ne8 Ng6 22. Nd6 Qe3+ 23. Kf1 Qf3+ 24. Ke1 Qe3+ 25. Be2 Qe6 26. Qxc6 Ne5 27.
Qe4 g6 28. Ne8 Rhxe8 29. dxe8=Q Rxe8 30. b3 Kg7 31. Kf1 Re7 32. c4 Qh3+ 33. Kg1
Qc8 34. Bf3 Qc5+ 35. Kg2 Qa3 36. Rd2 1/2-1/2

[Event "BL 1011 Nickelhütte Aue - SC Eppingen"]
[Site "?"]
[Date "2011.02.06"]
[Round "9.4"]
[White "Eichner, Sebastian"]
[Black "Acs, Peter"]
[Result "0-1"]
[WhiteElo "2323"]
[BlackElo "2601"]
[PlyCount "76"]
[EventDate "2011.??.??"]

1. d4 d5 2. Nf3 Nf6 3. c4 c6 4. e3 a6 5. Bd3 Bg4 6. Nbd2 e6 7. b3 Nbd7 8. Qc2
Bd6 9. Bb2 Qb8 10. h3 Bh5 11. O-O O-O 12. Ng5 Bg6 13. Bxg6 hxg6 14. e4 Bh2+ 15.
Kh1 Bf4 16. Ndf3 Bxg5 17. Nxg5 dxe4 18. Rfe1 Rd8 19. Re2 b5 20. Bc3 Qc7 21.
Nxe4 Rac8 22. Rd1 Nxe4 23. Qxe4 Nf6 24. Qf3 Rd7 25. Re5 Qd6 26. Rc5 Rb7 27. Bb4
bxc4 28. a3 cxb3 29. Ra5 Qd8 30. Rxa6 Qd5 31. Rb1 Qxf3 32. gxf3 Nd5 33. Rxb3 e5
34. dxe5 c5 35. Rd3 cxb4 36. Rxd5 b3 37. Raa5 b2 38. Rab5 b1=Q+ 0-1